Finefekt Príloha Hospodárskych novín
Z obsahu prílohy: Úroky sú stále v pohybe (hoci miernejšom). Internacionalizácia pre emitentov aj investorov. Svet vtesnaný do pavilónov. Cestovný ruch najväčší zdroj daní, najmä vo svete.
Guardado en:
| Autor principal: | |
|---|---|
| Otros Autores: | , |
| Formato: | Capítulo de libro |
| Lenguaje: | eslovaco |
| Materias: | |
| Etiquetas: |
Sin Etiquetas, Sea el primero en etiquetar este registro!
|
MARC
| LEADER | 00000naa a2200000 4500 | ||
|---|---|---|---|
| 001 | r023182 | ||
| 005 | 20230824085432.3 | ||
| 041 | 0 | |a slo | |
| 044 | |a SK | ||
| 245 | 1 | 0 | |a Finefekt |b Príloha Hospodárskych novín |c D. Paulík, F. Palič, M. Kuček |
| 520 | |a Z obsahu prílohy: Úroky sú stále v pohybe (hoci miernejšom). Internacionalizácia pre emitentov aj investorov. Svet vtesnaný do pavilónov. Cestovný ruch najväčší zdroj daní, najmä vo svete. | ||
| 610 | 2 | 0 | |a Slovensko |
| 610 | 2 | 0 | |a Európska únia |
| 610 | 2 | 0 | |a 1997 |
| 610 | 2 | 0 | |a financie |
| 610 | 2 | 0 | |a burzy |
| 610 | 2 | 0 | |a BCP Bratislava |
| 610 | 2 | 0 | |a VÚB, a.s. Bratislava |
| 610 | 2 | 0 | |a výstavy |
| 610 | 2 | 0 | |a ruch cestovný |
| 610 | 2 | 0 | |a úrok |
| 610 | 2 | 0 | |a emitenti |
| 610 | 2 | 0 | |a investori |
| 610 | 2 | 0 | |a dane |
| 100 | 1 | |a Paulík, D. | |
| 700 | 1 | |a Palič, F. | |
| 700 | 1 | |a Kuček, M. | |